000 00316nam a22001457a 4500
008 210311b ||||| |||| 00| 0 eng d
020 _a9780890931158
041 _aeng
080 _a32
082 _a32
100 _a19
101 _aSHM
245 _aMarshalls Mission to China
_cTruman, H. S
942 _2udc
_cBK
999 _c56455
_d56455